Instrucción cívica /

Guardado en:
Autor Principal: Kechichian, Roberto
Formato: Libro
Publicado: Argentina : Braga, 1990
Edición:5a. ed.
Etiquetas: Agregar Etiqueta
Sin Etiquetas, Sea el primero en etiquetar este registro!
LEADER 00479nam a22001575a 4500
001 CEM.cems003568
008 130507s1990##################000#0#####d
005 20241217090822.0
245 1 0 |a Instrucción cívica / 
250 |a 5a. ed. 
260 |a Argentina :  |b Braga,  |c 1990 
300 |a 507 p.1 
100 1 |a Kechichian, Roberto 
082 0 4 |a 342.82 
859 |a CEMS  |b BIB. CEMS - 11 de abril  |h 342.82  |i K233a5  |p 15766.90  |t Ej.2 
859 |a CEMS  |b BIB. CEMS - 11 de abril  |h 342.82  |i K233a5  |p 15769.90  |t Ej.5